Statistics for DC Lanterns' emotional representations

Click here to take the quiz!

General Stats

  • This quiz has been taken 13 times
  • The average score is 7 of 9

Answer Stats

HintAnswer% Correct
RedAnger
100%
VioletLove
90%
YellowFear
80%
BlackDeath
70%
BlueHope
70%
WhiteLife
70%
GreenWill
70%
OrangeGreed
60%
IndigoCompassion
40%

Score Distribution

Percentile by Number Answered

Percent of People with Each Score

Your Score History

You have not taken this quiz